000 00867nam a2200253 i 4500
001 182321
003 ES-MaACL
005 20230906221600.0
008 130801s1994 sp | |||| ||spa d
020 _a84-88341-41-5
080 _a336.71(753 W.)
080 _a339.732.4(100)FMI
245 0 1 _a¿Gendarmes o motores de la economía? :
_bBanco Mundial, Fondo Monetario Internacional : a los 50 años de su constitución.
260 _aBarcelona :
_bCristianismo y Justicia,
_c[1994]
300 _a23 p. ;
_c21 cm.
490 1 _aCJ ;
_v60
594 _aTít. tomado de cub.
610 2 _aBanco Internacional de Reconstrucción y Fomento.
_9167953
610 2 4 _aFondo Monetario Internacional.
_94144
710 2 _aCentre d'Estudis "Cristianisme i Justícia"
_9172047
830 1 _aCJ ;
_v60
_9180545
852 _aES-MaACL
_j2317-F-23
999 _c182321
_d182321